The Australia Quiz Stats

 Plays Quiz Updated Oct 9, 2018

Challenge
Share
Tweet
Embed
Score 0/50 Timer 07:00
2 Plays Today
Hint Answer % Correct
Flag ColorBlue
97%
Flag ColorWhite
96.6%
Flag ColorRed
96.6%
Internet Country Code.au
96%
Largest CitySydney
95.1%
Primary ContinentAustralia
94.8%
Bordering OceanPacific Ocean
88.9%
Primary LanguageEnglish
88.8%
Largest ReligionChristianity
86.8%
Most Popular SportAustralian Rules Football
84.7%
Capital CityCanberra
84.6%
Second Largest CityMelbourne
84.4%
Bordering OceanIndian Ocean
84.3%
Nationality (Demonym)Australian
82.5%
CurrencyAustralian Dollar (AUD)
82.4%
# of States6
81.6%
Drives on the...Left
80.7%
National ColorGold
80.4%
National ColorGreen
78.4%
Fourth Largest CityPerth
76.3%
Last Olympic Host Year2000
76.3%
Age of Suffrage18
72.6%
Independence fromUnited Kingdom
72.4%
Major Coat of Arms AnimalKangaroo
69.3%
MonarchElizabeth II
66.1%
Hint Answer % Correct
Bordering SeaTasman Sea
64.2%
Third Largest CityBrisbane
63.8%
Largest IslandTasmania
62.3%
Fifth Largest CityAdelaide
57.3%
Largest StateWestern Australia
56.7%
Largest TerritoryNorthern Territory
48.5%
Royal AnthemGod Save the Queen
48.3%
Major Coat of Arms AnimalEmu
39.1%
National GemstoneOpal
36.2%
Official NameCommonwealth of Australia
35.4%
Prime MinisterScott Morrison
34.8%
National AnthemAdvance Australia Fair
33.1%
Longest RiverMurray River
32.3%
Australia DayJanuary 26, 1788
31.1%
Largest StadiumMelbourne Cricket Ground
31%
Largest LakeLake Eyre
21.2%
Lowest Point (-15 m)Lake Eyre
21.2%
Bordering SeaCoral Sea
20.9%
Federation DayJanuary 1, 1901
18.7%
Official Floral EmblemGolden Wattle
17.5%
1st Sea Vessel to Land on East CoastHMS Endeavour
16.4%
Deputy Prime MinisterMichael McCormack
13.3%
Bordering SeaTimor Sea
12.8%
Highest Point (2,229 m)Mount Kosciuszko
12.1%
Bordering SeaArafura Sea
9.6%

You're not logged in!

Compare scores with friends on all Sporcle quizzes.
OR
Log In

You Might Also Like...

Show Comments

Extras

Top Quizzes Today


Score Distribution

Your Account Isn't Verified!

In order to create a playlist on Sporcle, you need to verify the email address you used during registration. Go to your Sporcle Settings to finish the process.

Report this User

Report this user for behavior that violates our Community Guidelines.

Details: